| 000 | 00683 a2200169 4500 | ||
|---|---|---|---|
| 003 | Nust | ||
| 005 | 20230128140346.0 | ||
| 040 | _cNust | ||
| 082 | _a920,BUC | ||
| 100 |
_aBuchan, John _911826 |
||
| 245 |
_aSir Quixote of the Moors / _cJohn Buchan |
||
| 260 |
_aLondon _bFisher Unwin ltd |
||
| 300 | _a178 :p | ||
| 505 | _aOn the High Moors (Page-15), I Fare Badly Indoors (Page-34) I Fare Badly Abroad (Page-56), Of My Coming to Lindean (Page-69), I Pledge my Word (Page-86), Idle Days (Page-111), A Daughter of Herodias (Page-127), How I Set the Signal (Page-141), I Commune with Myself (Page-161), Of My Departure (Page-176). | ||
| 650 |
_aBiography _9461 |
||
| 942 |
_2ddc _cBK |
||
| 999 |
_c187034 _d187034 |
||